[Event "Aleksandria Cup"]
[Site "?"]
[Date "2015.07.16"]
[Round "5.3"]
[White "Baklan, Vladimir"]
[Black "Vardanian, Haik G."]
[Result "1-0"]
[LiveChessVersion "1.3.1"]
[BlackElo "2301"]
[WhiteElo "2619"]

1. e4 {[%clk 1:30:57]} c5 {[%clk 1:30:51]} 2. Nf3 {[%clk 1:31:22]} Nf6
{[%clk 1:30:39]} 3. e5 {[%clk 1:25:56]} Nd5 {[%clk 1:30:59]} 4. g3
{[%clk 1:23:36]} Nc6 {[%clk 1:30:28]} 5. Bg2 {[%clk 1:24:01]} d6 {[%clk 1:30:44]}
6. exd6 {[%clk 1:24:20]} exd6 {[%clk 1:31:01]} 7. O-O {[%clk 1:24:41]} Be7
{[%clk 1:31:24]} 8. d4 {[%clk 1:24:27]} O-O {[%clk 1:31:00]} 9. c3
{[%clk 1:20:36]} Bf5 {[%clk 1:21:17]} 10. Na3 {[%clk 1:16:58]} Bf6
{[%clk 1:17:23]} 11. Qb3 {[%clk 1:05:34]} Nb6 {[%clk 1:11:49]} 12. dxc5
{[%clk 0:58:53]} dxc5 {[%clk 1:11:58]} 13. Be3 {[%clk 0:59:17]} Bd3
{[%clk 1:06:00]} 14. Rfe1 {[%clk 0:55:18]} Na5 {[%clk 1:03:20]} 15. Qd1
{[%clk 0:55:29]} Rc8 {[%clk 1:02:27]} 16. Nd2 {[%clk 0:48:46]} Re8
{[%clk 0:52:11]} 17. Qg4 {[%clk 0:47:48]} Nd5 {[%clk 0:36:18]} 18. Ne4
{[%clk 0:42:25]} Nxe3 {[%clk 0:27:58]} 19. Rxe3 {[%clk 0:41:31]} Bxe4
{[%clk 0:22:26]} 20. Bxe4 {[%clk 0:40:09]} Qb6 {[%clk 0:20:09]} 21. Rae1
{[%clk 0:34:14]} Rf8 {[%clk 0:19:14]} 22. b4 {[%clk 0:33:05]} cxb4
{[%clk 0:10:48]} 23. cxb4 {[%clk 0:33:28]} Bc3 {[%clk 0:10:47]} 24. Rb1
{[%clk 0:25:54]} Bxb4 {[%clk 0:06:04]} 25. Rxb4 {[%clk 0:25:27]} Rc1+
{[%clk 0:02:37]} 26. Kg2 {[%clk 0:25:50]} Qd6 {[%clk 0:00:36]} 27. Rd4
{[%clk 0:20:19]} Qb6 {[%clk 0:00:38]} 28. Rb4 {[%clk 0:17:35]} Qd6
{[%clk 0:00:40]} 29. Rd3 {[%clk 0:17:44]} Qa6 {[%clk 0:00:36]} 30. Qg5
{[%clk 0:16:04]} f5 {[%clk 0:00:38]} 31. Qxc1 {[%clk 0:15:00]} fxe4
{[%clk 0:01:04]} 32. Re3 {[%clk 0:15:22]} 1-0

[Event "Aleksandria Cup"]
[Site "?"]
[Date "2015.07.16"]
[Round "5.4"]
[White "Paichadze, Luka"]
[Black "Mikaelyan, Arman"]
[Result "1/2-1/2"]
[LiveChessVersion "1.3.1"]
[BlackElo "2436"]
[WhiteElo "2566"]

1. e4 {[%clk 1:30:57]} e5 {[%clk 1:30:54]} 2. Nc3 {[%clk 1:31:24]} Nc6
{[%clk 1:31:19]} 3. g3 {[%clk 1:30:59]} d6 {[%clk 1:26:23]} 4. Bg2
{[%clk 1:30:58]} h5 {[%clk 1:26:26]} 5. d3 {[%clk 1:30:41]} h4 {[%clk 1:26:00]}
6. gxh4 {[%clk 1:12:35]} Qxh4 {[%clk 1:19:16]} 7. Be3 {[%clk 1:07:49]} Be6
{[%clk 1:14:37]} 8. Qd2 {[%clk 1:07:51]} Be7 {[%clk 1:13:05]} 9. O-O-O
{[%clk 1:07:04]} O-O-O {[%clk 1:05:35]} 10. Nf3 {[%clk 0:49:55]} Qh5
{[%clk 1:02:52]} 11. d4 {[%clk 0:47:12]} Bg4 {[%clk 0:45:52]} 12. d5
{[%clk 0:47:06]} Bxf3 {[%clk 0:34:55]} 13. Bxf3 {[%clk 0:47:24]} Qxf3
{[%clk 0:35:21]} 14. dxc6 {[%clk 0:47:49]} bxc6 {[%clk 0:35:47]} 15. Qd3
{[%clk 0:43:15]} Nf6 {[%clk 0:33:11]} 16. Rhg1 {[%clk 0:37:04]} Rxh2
{[%clk 0:30:25]} 17. Qc4 {[%clk 0:28:10]} Kd7 {[%clk 0:22:36]} 18. Rxg7
{[%clk 0:28:32]} Ng4 {[%clk 0:19:39]} 19. Rxf7 {[%clk 0:25:16]} Nxe3
{[%clk 0:19:29]} 20. fxe3 {[%clk 0:24:43]} Qxe3+ {[%clk 0:19:55]} 21. Kb1
{[%clk 0:25:11]} Qh3 {[%clk 0:17:32]} 22. Na4 {[%clk 0:17:19]} Rh8
{[%clk 0:09:23]} 23. Nc5+ {[%clk 0:16:33]} Ke8 {[%clk 0:09:27]} 24. Rff1
{[%clk 0:01:05]} Rh1 {[%clk 0:06:35]} 25. Nb3 {[%clk 0:00:47]} Rxf1
{[%clk 0:06:13]} 26. Rxf1 {[%clk 0:01:16]} Qd7 {[%clk 0:03:17]} 27. a3
{[%clk 0:01:40]} d5 {[%clk 0:03:07]} 28. Qe2 {[%clk 0:01:00]} Qd6
{[%clk 0:01:52]} 29. Qg4 {[%clk 0:00:48]} Rf8 {[%clk 0:01:57]} 30. Rd1
{[%clk 0:00:46]} d4 {[%clk 0:01:43]} 31. Na5 {[%clk 0:01:08]} Rf4
{[%clk 0:01:25]} 32. Qh5+ {[%clk 0:00:43]} Kd7 {[%clk 0:00:59]} 33. Nc4
{[%clk 0:01:03]} Qc5 {[%clk 0:00:53]} 34. Qh3+ {[%clk 0:00:34]} Kd8
{[%clk 0:00:58]} 35. Nd2 {[%clk 0:00:44]} Rh4 {[%clk 0:00:55]} 36. Qe6
{[%clk 0:00:41]} Qd6 {[%clk 0:01:09]} 37. Qg8+ {[%clk 0:01:05]} Kd7
{[%clk 0:01:30]} 38. Qb3 {[%clk 0:00:47]} Qe6 {[%clk 0:01:27]} 39. Qa4
{[%clk 0:01:01]} Qg4 {[%clk 0:01:10]} 40. c3 {[%clk 0:31:09]} d3 {[%clk 0:30:55]}
41. Ka2 {[%clk 0:18:06]} Qe2 {[%clk 0:28:59]} 42. Rg1 {[%clk 0:17:45]} Rg4
{[%clk 0:20:42]} 43. Rxg4 {[%clk 0:16:45]} Qxg4 {[%clk 0:21:07]} 44. Qc4
{[%clk 0:11:03]} Qe2 {[%clk 0:10:43]} 45. Nb3 {[%clk 0:11:21]} Qf3
{[%clk 0:07:57]} 46. Na5 {[%clk 0:09:45]} Bd6 {[%clk 0:08:09]} 47. Qxc6+
{[%clk 0:06:15]} Ke7 {[%clk 0:08:34]} 48. Qd5 {[%clk 0:06:28]} d2
{[%clk 0:07:57]} 49. Qxd2 {[%clk 0:06:36]} Qxe4 {[%clk 0:08:20]} 50. Qg5+
{[%clk 0:06:39]} Kf7 {[%clk 0:08:34]} 51. Qh5+ {[%clk 0:05:48]} Kg7
{[%clk 0:08:44]} 52. Qg5+ {[%clk 0:05:44]} Kf7 {[%clk 0:08:09]} 53. Qh5+
{[%clk 0:04:36]} Kg7 {[%clk 0:07:38]} 54. Qg5+ Kf7 1/2-1/2

[Event "Aleksandria Cup"]
[Site "?"]
[Date "2015.07.16"]
[Round "5.5"]
[White "Sivuk, Vitaly"]
[Black "Beradze, Irakli"]
[Result "1/2-1/2"]
[LiveChessVersion "1.3.1"]
[BlackElo "2375"]
[WhiteElo "2463"]

1. e4 {[%clk 1:30:53]} e6 {[%clk 1:30:31]} 2. d4 {[%clk 1:31:00]} d5
{[%clk 1:30:56]} 3. Nc3 {[%clk 1:31:14]} Nf6 {[%clk 1:29:50]} 4. e5
{[%clk 1:31:27]} Nfd7 {[%clk 1:30:13]} 5. f4 {[%clk 1:31:27]} c5 {[%clk 1:30:34]}
6. Nf3 {[%clk 1:31:48]} Nc6 {[%clk 1:30:58]} 7. Be3 {[%clk 1:32:08]} a6
{[%clk 1:27:38]} 8. Qd2 {[%clk 1:30:40]} cxd4 {[%clk 1:24:18]} 9. Nxd4
{[%clk 1:30:57]} Bc5 {[%clk 1:24:40]} 10. O-O-O {[%clk 1:30:14]} Nxd4
{[%clk 1:16:28]} 11. Bxd4 {[%clk 1:30:33]} Bxd4 {[%clk 1:12:50]} 12. Qxd4
{[%clk 1:30:50]} O-O {[%clk 1:13:00]} 13. Bd3 {[%clk 1:25:33]} Qb6
{[%clk 1:00:06]} 14. Qxb6 {[%clk 1:23:29]} Nxb6 {[%clk 0:58:31]} 15. Ne2
{[%clk 1:23:39]} Bd7 {[%clk 0:43:02]} 16. Nd4 {[%clk 1:23:50]} Rfc8
{[%clk 0:42:24]} 17. h4 {[%clk 1:22:34]} h5 {[%clk 0:34:09]} 18. Rdg1
{[%clk 1:15:04]} Bb5 {[%clk 0:26:56]} 19. Kd2 {[%clk 1:05:13]} Bxd3
{[%clk 0:13:19]} 20. cxd3 {[%clk 1:05:19]} g6 {[%clk 0:13:47]} 21. g4
{[%clk 1:03:30]} hxg4 {[%clk 0:14:03]} 22. h5 {[%clk 1:02:59]} Kg7
{[%clk 0:07:10]} 23. Rxg4 {[%clk 0:53:06]} Rh8 {[%clk 0:07:29]} 24. f5
{[%clk 0:41:41]} exf5 {[%clk 0:07:42]} 25. Nxf5+ {[%clk 0:41:49]} Kf8
{[%clk 0:08:09]} 26. Nd6 {[%clk 0:40:17]} Nc8 {[%clk 0:06:28]} 27. Nxb7
{[%clk 0:22:37]} Rxh5 {[%clk 0:04:21]} 28. Rxh5 {[%clk 0:15:52]} gxh5
{[%clk 0:04:49]} 29. Ra4 {[%clk 0:12:03]} Rb8 {[%clk 0:04:58]} 30. Nc5
{[%clk 0:12:26]} Rxb2+ {[%clk 0:05:23]} 31. Kc3 {[%clk 0:12:40]} Re2
{[%clk 0:03:22]} 32. Rxa6 {[%clk 0:12:47]} Kg7 {[%clk 0:02:55]} 33. e6
{[%clk 0:06:56]} h4 {[%clk 0:02:17]} 34. exf7 {[%clk 0:05:31]} Kxf7
{[%clk 0:02:30]} 35. Rh6 {[%clk 0:01:49]} Rxa2 {[%clk 0:02:00]} 36. Rxh4
{[%clk 0:02:14]} Ne7 {[%clk 0:01:46]} 37. Rh7+ {[%clk 0:02:37]} Kf6
{[%clk 0:01:51]} 38. Kd4 {[%clk 0:02:42]} Re2 {[%clk 0:01:10]} 39. Rh1
{[%clk 0:02:23]} Rf2 {[%clk 0:01:01]} 40. Ra1 {[%clk 0:31:40]} Rf4+
{[%clk 0:31:09]} 41. Ke4 Ke5+ 1/2-1/2

[Event "Aleksandria Cup"]
[Site "?"]
[Date "2015.07.16"]
[Round "5.6"]
[White "Firouzja, Alireza"]
[Black "Kostenko, Petr"]
[Result "1/2-1/2"]
[LiveChessVersion "1.3.1"]
[BlackElo "2457"]
[WhiteElo "2277"]

1. e4 {[%clk 1:30:55]} e6 {[%clk 1:29:47]} 2. d4 {[%clk 1:31:16]} d5
{[%clk 1:30:11]} 3. Nc3 {[%clk 1:31:40]} Nf6 {[%clk 1:30:33]} 4. Bg5
{[%clk 1:32:04]} dxe4 {[%clk 1:30:54]} 5. Nxe4 {[%clk 1:32:22]} Nbd7
{[%clk 1:28:50]} 6. Nf3 {[%clk 1:32:41]} h6 {[%clk 1:29:15]} 7. Nxf6+
{[%clk 1:32:17]} Nxf6 {[%clk 1:29:39]} 8. Bxf6 {[%clk 1:32:39]} Qxf6
{[%clk 1:29:15]} 9. Bb5+ {[%clk 1:30:49]} c6 {[%clk 1:29:19]} 10. Bd3
{[%clk 1:31:13]} g6 11. Qe2 {[%clk 1:28:09]} Bg7 {[%clk 1:27:46]} 12. c3
{[%clk 1:24:24]} Qe7 {[%clk 1:14:42]} 13. h4 {[%clk 1:20:52]} c5 14. Bb5+
{[%clk 1:17:51]} Kf8 {[%clk 1:14:50]} 15. O-O {[%clk 1:09:53]} Bf6
{[%clk 1:03:00]} 16. Qe4 {[%clk 0:57:43]} Kg7 {[%clk 0:53:26]} 17. Rfd1
{[%clk 0:54:40]} cxd4 {[%clk 0:51:35]} 18. cxd4 {[%clk 0:53:13]} Bd7
{[%clk 0:51:11]} 19. Qxb7 {[%clk 0:52:06]} Bxb5 {[%clk 0:51:35]} 20. Qxb5
{[%clk 0:52:25]} Rab8 {[%clk 0:51:57]} 21. Qe2 {[%clk 0:52:22]} Bxh4
{[%clk 0:52:08]} 22. Nxh4 {[%clk 0:51:42]} Qxh4 {[%clk 0:52:33]} 23. Rac1
{[%clk 0:50:48]} Rb7 {[%clk 0:45:15]} 24. Rc7 {[%clk 0:48:49]} Rhb8
{[%clk 0:34:17]} 25. Rxb7 {[%clk 0:47:43]} Rxb7 {[%clk 0:34:44]} 26. d5
{[%clk 0:46:09]} exd5 {[%clk 0:35:03]} 27. Rxd5 {[%clk 0:46:17]} Qf6
{[%clk 0:35:18]} 28. b3 {[%clk 0:40:33]} Re7 {[%clk 0:35:12]} 29. Qd2
{[%clk 0:38:29]} h5 30. f3 {[%clk 0:21:46]} Rc7 {[%clk 0:24:10]} 31. Qd4
{[%clk 0:21:23]} Qxd4+ {[%clk 0:24:28]} 32. Rxd4 {[%clk 0:21:47]} Kf6
{[%clk 0:24:55]} 33. Rd5 {[%clk 0:21:24]} g5 {[%clk 0:20:09]} 34. Ra5
{[%clk 0:21:03]} Kg6 {[%clk 0:20:33]} 35. Kh2 {[%clk 0:21:05]} f6
{[%clk 0:18:15]} 36. b4 {[%clk 0:21:28]} h4 {[%clk 0:17:53]} 37. b5
{[%clk 0:15:18]} f5 {[%clk 0:16:09]} 38. Ra6+ {[%clk 0:07:36]} Kh5
{[%clk 0:16:20]} 39. Rc6 {[%clk 0:07:33]} Rd7 {[%clk 0:16:43]} 40. a4
{[%clk 0:35:24]} g4 {[%clk 0:46:49]} 41. fxg4+ {[%clk 0:33:59]} fxg4
{[%clk 0:47:10]} 42. Rc5+ {[%clk 0:33:52]} Kg6 {[%clk 0:47:37]} 43. Rc6+
{[%clk 0:31:38]} Kf5 {[%clk 0:47:41]} 44. Rc5+ {[%clk 0:31:24]} Kf4
{[%clk 0:47:44]} 45. Rc4+ {[%clk 0:31:49]} Kg5 {[%clk 0:47:57]} 46. Rc5+
{[%clk 0:31:17]} Kf4 {[%clk 0:48:22]} 47. Rc4+ {[%clk 0:31:34]} Kg5
{[%clk 0:48:47]} 48. Rc5+ {[%clk 0:31:56]} Kf4 {[%clk 0:49:13]} 49. Rc4+
{[%clk 0:32:16]} Ke5 1/2-1/2

[Event "Aleksandria Cup"]
[Site "?"]
[Date "2015.07.16"]
[Round "5.7"]
[White "Guseynov, Alihan"]
[Black "Hayrapetyan, Hovik"]
[Result "1/2-1/2"]
[LiveChessVersion "1.3.1"]
[BlackElo "2444"]
[WhiteElo "2255"]

1. d4 {[%clk 1:30:53]} c5 {[%clk 1:29:28]} 2. d5 {[%clk 1:30:36]} e5
{[%clk 1:29:29]} 3. e4 {[%clk 1:30:22]} d6 {[%clk 1:29:24]} 4. Nc3
{[%clk 1:29:40]} a6 {[%clk 1:29:24]} 5. a4 {[%clk 1:29:39]} Be7 {[%clk 1:27:47]}
6. Be2 {[%clk 1:23:32]} Bg5 {[%clk 1:23:53]} 7. Nf3 {[%clk 1:10:48]} Bxc1
{[%clk 1:23:38]} 8. Qxc1 {[%clk 1:11:05]} Ne7 {[%clk 1:20:42]} 9. O-O
{[%clk 1:04:14]} O-O {[%clk 1:18:15]} 10. Nd2 {[%clk 1:01:48]} Nd7
{[%clk 1:03:20]} 11. Nc4 {[%clk 0:48:48]} Nb6 {[%clk 1:01:58]} 12. Ne3
{[%clk 0:49:13]} Bd7 {[%clk 1:02:13]} 13. a5 {[%clk 0:48:46]} Nbc8
{[%clk 1:02:41]} 14. Ra3 {[%clk 0:41:33]} Rb8 {[%clk 0:45:19]} 15. Qd2
{[%clk 0:36:40]} Na7 {[%clk 0:39:41]} 16. Nc4 {[%clk 0:31:30]} Nb5
{[%clk 0:31:45]} 17. Nxb5 {[%clk 0:30:24]} Bxb5 {[%clk 0:31:59]} 18. Nb6
{[%clk 0:30:37]} Bxe2 {[%clk 0:30:23]} 19. Qxe2 {[%clk 0:29:56]} 1/2-1/2

[Event "Aleksandria Cup"]
[Site "?"]
[Date "2015.07.16"]
[Round "5.8"]
[White "Jobava, Baadur"]
[Black "Kekelidze, Mikheil"]
[Result "0-1"]
[LiveChessVersion "1.3.1"]
[BlackElo "2426"]
[WhiteElo "2693"]

1. e4 {[%clk 1:29:31]} c5 {[%clk 1:30:16]} 2. c3 {[%clk 1:29:47]} Nf6
{[%clk 1:29:18]} 3. e5 {[%clk 1:29:52]} Nd5 {[%clk 1:29:42]} 4. Nf3
{[%clk 1:28:50]} Nc6 {[%clk 1:28:01]} 5. g3 {[%clk 1:26:25]} d6 {[%clk 1:28:03]}
6. exd6 {[%clk 1:26:49]} Qxd6 {[%clk 1:21:14]} 7. d3 {[%clk 1:15:12]} Bf5
{[%clk 1:09:12]} 8. Nbd2 {[%clk 1:10:34]} Qe6+ {[%clk 1:05:11]} 9. Ne4
{[%clk 1:06:54]} Bxe4 {[%clk 1:04:21]} 10. dxe4 {[%clk 1:07:16]} Qxe4+
{[%clk 1:04:43]} 11. Be2 {[%clk 1:07:43]} O-O-O {[%clk 1:00:37]} 12. Bd2
{[%clk 1:08:06]} e6 {[%clk 0:58:11]} 13. O-O {[%clk 1:08:27]} Be7
{[%clk 0:56:57]} 14. Re1 {[%clk 1:08:43]} Nb6 {[%clk 0:53:18]} 15. Bb5
{[%clk 0:36:47]} Qd5 {[%clk 0:42:47]} 16. Qe2 {[%clk 0:36:36]} Bf6
{[%clk 0:18:16]} 17. Be3 {[%clk 0:33:57]} c4 {[%clk 0:14:25]} 18. Bxb6
{[%clk 0:29:18]} axb6 {[%clk 0:14:01]} 19. Bxc4 {[%clk 0:29:42]} Qc5
{[%clk 0:12:59]} 20. Bb5 {[%clk 0:28:36]} h5 {[%clk 0:12:04]} 21. a4
{[%clk 0:26:08]} h4 {[%clk 0:07:15]} 22. g4 {[%clk 0:26:13]} h3 {[%clk 0:06:01]}
23. a5 {[%clk 0:21:41]} bxa5 {[%clk 0:01:52]} 24. Bxc6 {[%clk 0:21:30]} Qxc6
{[%clk 0:01:26]} 25. Rxa5 {[%clk 0:21:51]} Kc7 {[%clk 0:00:52]} 26. Kf1
{[%clk 0:06:48]} Rd6 {[%clk 0:00:46]} 27. b4 {[%clk 0:04:20]} Rd5
{[%clk 0:01:11]} 28. Rxd5 {[%clk 0:04:31]} Qxd5 {[%clk 0:01:11]} 29. c4
{[%clk 0:01:55]} Qc6 {[%clk 0:01:23]} 30. Qe4 {[%clk 0:00:34]} Bc3
{[%clk 0:00:55]} 0-1

[Event "Aleksandria Cup"]
[Site "?"]
[Date "2015.07.16"]
[Round "5.9"]
[White "Rozhko, Dmitry"]
[Black "Kuzubov, Yuriy"]
[Result "1-0"]
[LiveChessVersion "1.3.1"]
[BlackElo "2653"]
[WhiteElo "2349"]

1. e4 {[%clk 1:30:55]} e6 {[%clk 1:30:12]} 2. d4 {[%clk 1:31:18]} d5
{[%clk 1:30:36]} 3. Nc3 {[%clk 1:31:00]} Nc6 {[%clk 1:30:45]} 4. Nf3
{[%clk 1:31:01]} Nf6 {[%clk 1:30:48]} 5. exd5 {[%clk 1:31:03]} exd5
{[%clk 1:31:13]} 6. Bb5 {[%clk 1:31:15]} Be7 {[%clk 1:29:35]} 7. Ne5
{[%clk 1:26:05]} Bd7 {[%clk 1:30:00]} 8. O-O {[%clk 1:25:13]} O-O
{[%clk 1:30:23]} 9. Re1 {[%clk 1:20:22]} Re8 {[%clk 1:22:58]} 10. Bg5
{[%clk 1:13:06]} a6 {[%clk 1:19:32]} 11. Bd3 {[%clk 1:07:59]} Be6
{[%clk 1:12:33]} 12. Nxc6 {[%clk 1:00:50]} bxc6 {[%clk 1:12:58]} 13. Na4
{[%clk 1:00:05]} h6 {[%clk 1:08:56]} 14. Bxf6 {[%clk 0:58:57]} Bxf6
{[%clk 1:09:22]} 15. c3 {[%clk 0:59:00]} Be7 {[%clk 1:09:11]} 16. Bc2
{[%clk 0:55:05]} Bd6 {[%clk 1:09:24]} 17. Nc5 {[%clk 0:53:19]} Bxc5
{[%clk 1:09:40]} 18. dxc5 {[%clk 0:53:46]} Rb8 {[%clk 1:07:56]} 19. b3
{[%clk 0:46:50]} Qg5 {[%clk 1:06:23]} 20. Qd3 {[%clk 0:42:12]} a5
{[%clk 1:04:41]} 21. Re3 {[%clk 0:40:21]} g6 {[%clk 1:04:24]} 22. Rae1
{[%clk 0:39:31]} Kg7 {[%clk 1:01:32]} 23. Qd4+ {[%clk 0:38:25]} Qf6
{[%clk 1:01:47]} 24. Re5 {[%clk 0:35:45]} Bd7 {[%clk 0:58:32]} 25. f4
{[%clk 0:30:11]} Rxe5 {[%clk 0:54:18]} 26. Rxe5 {[%clk 0:29:45]} Be6
{[%clk 0:53:34]} 27. g3 {[%clk 0:23:29]} Kf8 {[%clk 0:50:07]} 28. Rxd5
{[%clk 0:22:32]} Qxd4+ {[%clk 0:43:46]} 29. Rxd4 {[%clk 0:22:41]} Ke7
{[%clk 0:44:07]} 30. Bd3 {[%clk 0:21:16]} g5 {[%clk 0:43:09]} 31. Kf2
{[%clk 0:21:31]} gxf4 {[%clk 0:43:18]} 32. Rxf4 {[%clk 0:21:47]} h5
{[%clk 0:38:15]} 33. Ke3 {[%clk 0:20:58]} Rg8 {[%clk 0:38:03]} 34. Ra4
{[%clk 0:20:44]} Kf6 {[%clk 0:35:17]} 35. Rxa5 {[%clk 0:20:46]} h4
{[%clk 0:35:42]} 36. gxh4 {[%clk 0:19:55]} Ke5 {[%clk 0:35:44]} 37. Ra4
{[%clk 0:18:51]} Rg2 {[%clk 0:34:02]} 38. Re4+ {[%clk 0:18:58]} Kf6
{[%clk 0:34:25]} 39. Rf4+ {[%clk 0:19:22]} Ke5 {[%clk 0:34:52]} 40. Rf2
{[%clk 0:49:20]} Rg4 {[%clk 1:05:17]} 41. b4 {[%clk 0:43:59]} Rxh4
{[%clk 1:05:22]} 42. a4 {[%clk 0:44:17]} f5 {[%clk 1:05:07]} 43. a5
{[%clk 0:43:57]} f4+ {[%clk 1:05:25]} 44. Kd2 {[%clk 0:44:24]} Rh8
{[%clk 1:05:03]} 45. Re2+ {[%clk 0:43:26]} Kf6 {[%clk 1:05:28]} 46. c4
{[%clk 0:43:00]} Bg4 {[%clk 0:57:34]} 47. Rf2 {[%clk 0:42:47]} Ke5
{[%clk 0:57:59]} 48. a6 {[%clk 0:41:58]} Rb8 {[%clk 0:54:40]} 49. b5
{[%clk 0:38:51]} cxb5 {[%clk 0:53:54]} 50. cxb5 {[%clk 0:39:16]} Bd7
{[%clk 0:53:29]} 51. Kc3 {[%clk 0:36:28]} Kd5 {[%clk 0:52:16]} 52. Kb4
{[%clk 0:33:45]} Kd4 {[%clk 0:52:31]} 53. Bc4 {[%clk 0:32:55]} Ke3
{[%clk 0:52:43]} 54. Re2+ {[%clk 0:33:04]} Kf3 {[%clk 0:52:56]} 55. a7
{[%clk 0:32:35]} Ra8 {[%clk 0:53:11]} 56. Bd5+ {[%clk 0:31:44]} 1-0

[Event "Aleksandria Cup"]
[Site "?"]
[Date "2015.07.16"]
[Round "5.10"]
[White "Morchiachishvili, Bachana"]
[Black "Bortnyk, Olexander"]
[Result "0-1"]
[LiveChessVersion "1.3.1"]
[BlackElo "2550"]
[WhiteElo "2332"]

1. d4 {[%clk 1:30:50]} d6 {[%clk 0:56:15]} 2. Nf3 {[%clk 1:30:58]} g6
{[%clk 0:56:12]} 3. c4 {[%clk 1:27:55]} Nf6 {[%clk 0:56:24]} 4. Nc3
{[%clk 1:27:44]} Bf5 {[%clk 0:56:47]} 5. g3 {[%clk 1:20:22]} Bg7 {[%clk 0:57:01]}
6. Bg2 {[%clk 1:20:46]} Ne4 {[%clk 0:57:21]} 7. Nxe4 {[%clk 1:18:28]} Bxe4
{[%clk 0:56:35]} 8. O-O {[%clk 1:18:52]} O-O {[%clk 0:56:56]} 9. b3
{[%clk 1:18:14]} c5 {[%clk 0:56:34]} 10. Bb2 {[%clk 1:18:15]} Nc6
{[%clk 0:56:46]} 11. e3 {[%clk 1:18:04]} d5 {[%clk 0:51:19]} 12. Ne5
{[%clk 0:58:54]} Bxe5 {[%clk 0:47:55]} 13. Bxe4 {[%clk 0:41:37]} dxe4
{[%clk 0:45:58]} 14. dxe5 {[%clk 0:41:17]} Qxd1 {[%clk 0:41:32]} 15. Rfxd1
{[%clk 0:40:49]} Rfd8 {[%clk 0:41:02]} 16. Bc3 {[%clk 0:40:16]} Rxd1+
{[%clk 0:40:05]} 17. Rxd1 {[%clk 0:40:35]} Rd8 {[%clk 0:40:30]} 18. Rd5
{[%clk 0:40:11]} b6 {[%clk 0:39:07]} 19. a3 {[%clk 0:35:48]} a5 {[%clk 0:35:57]}
20. e6 {[%clk 0:24:12]} Rd6 {[%clk 0:24:08]} 21. exf7+ {[%clk 0:18:34]} Kxf7
{[%clk 0:24:16]} 22. f3 {[%clk 0:17:41]} exf3 {[%clk 0:21:28]} 23. Kf2
{[%clk 0:17:52]} Ke6 {[%clk 0:19:08]} 24. e4 {[%clk 0:13:45]} Nd4
{[%clk 0:18:09]} 25. b4 {[%clk 0:09:01]} axb4 {[%clk 0:17:17]} 26. axb4
{[%clk 0:09:26]} Rxd5 {[%clk 0:16:24]} 27. exd5+ {[%clk 0:09:51]} Ke5
{[%clk 0:15:11]} 28. Ke3 {[%clk 0:08:48]} f2 {[%clk 0:14:37]} 29. Bxd4+
{[%clk 0:04:43]} cxd4+ {[%clk 0:14:55]} 30. Kxf2 {[%clk 0:05:11]} d3
{[%clk 0:15:13]} 31. Ke3 {[%clk 0:01:50]} d2 {[%clk 0:15:36]} 32. Kxd2
{[%clk 0:02:04]} Kd4 {[%clk 0:16:00]} 33. c5 {[%clk 0:02:23]} bxc5
{[%clk 0:16:25]} 34. b5 {[%clk 0:02:51]} Kxd5 {[%clk 0:16:50]} 0-1

[Event "Aleksandria Cup"]
[Site "?"]
[Date "2015.07.16"]
[Round "5.11"]
[White "Rasulov, Vugar"]
[Black "Javakhadze, Zurab"]
[Result "1-0"]
[LiveChessVersion "1.3.1"]
[BlackElo "2415"]
[WhiteElo "2504"]

1. e4 {[%clk 1:30:50]} e5 {[%clk 1:30:45]} 2. Nf3 {[%clk 1:28:05]} Nc6
{[%clk 1:31:10]} 3. Bb5 {[%clk 1:28:17]} a6 {[%clk 1:31:31]} 4. Ba4
{[%clk 1:28:35]} d6 {[%clk 1:30:35]} 5. O-O {[%clk 1:28:44]} Bd7 {[%clk 1:30:54]}
6. c3 {[%clk 1:28:38]} g6 {[%clk 1:29:34]} 7. d4 {[%clk 1:28:42]} Bg7
{[%clk 1:29:57]} 8. dxe5 {[%clk 1:28:05]} Nxe5 {[%clk 1:29:20]} 9. Nxe5
{[%clk 1:27:07]} dxe5 {[%clk 1:29:43]} 10. f4 {[%clk 1:27:33]} Bxa4
{[%clk 1:18:22]} 11. Qxa4+ {[%clk 1:27:47]} Qd7 {[%clk 1:18:48]} 12. Qxd7+
{[%clk 1:28:10]} Kxd7 {[%clk 1:19:18]} 13. fxe5 {[%clk 1:28:33]} Ke6
{[%clk 1:06:24]} 14. Bf4 {[%clk 1:28:26]} Rf8 {[%clk 1:03:02]} 15. Nd2
{[%clk 1:27:46]} Bxe5 {[%clk 0:56:49]} 16. Be3 {[%clk 1:27:04]} f6
{[%clk 0:38:00]} 17. Nf3 {[%clk 1:21:29]} Rc8 {[%clk 0:22:19]} 18. Rf2
{[%clk 1:20:01]} h5 {[%clk 0:17:13]} 19. Rd1 {[%clk 1:15:04]} Rh7
{[%clk 0:15:52]} 20. Rd5 {[%clk 1:14:56]} Bd6 {[%clk 0:13:53]} 21. c4
{[%clk 1:12:32]} Ne7 {[%clk 0:13:17]} 22. c5 {[%clk 1:07:44]} Nxd5
{[%clk 0:13:07]} 23. exd5+ {[%clk 1:08:08]} Kxd5 {[%clk 0:13:28]} 24. cxd6
{[%clk 1:08:34]} cxd6 {[%clk 0:10:42]} 25. h4 {[%clk 1:08:19]} Rhc7
{[%clk 0:09:15]} 26. Rd2+ {[%clk 1:08:32]} Ke4 {[%clk 0:07:56]} 27. Bb6
{[%clk 1:06:33]} Rc2 {[%clk 0:07:06]} 28. Rd4+ {[%clk 1:05:09]} Kf5
{[%clk 0:07:23]} 29. Rb4 {[%clk 1:04:53]} R2c4 {[%clk 0:06:42]} 30. Rb3
{[%clk 1:05:21]} g5 {[%clk 0:06:33]} 31. Be3 {[%clk 1:03:25]} gxh4
{[%clk 0:04:22]} 32. Rxb7 {[%clk 1:01:42]} Rg8 {[%clk 0:02:47]} 33. Kf1
{[%clk 0:58:49]} Ke6 {[%clk 0:01:16]} 34. Rb6 {[%clk 0:57:18]} a5
{[%clk 0:00:35]} 35. Ra6 {[%clk 0:55:46]} a4 {[%clk 0:00:36]} 36. Ra5
{[%clk 0:55:51]} Rcg4 {[%clk 0:00:33]} 37. Ne1 {[%clk 0:56:03]} d5
{[%clk 0:00:40]} 38. Nd3 {[%clk 0:55:34]} Kf7 {[%clk 0:00:32]} 39. Nf4
{[%clk 0:55:31]} Rb8 {[%clk 0:00:32]} 40. Ra7+ {[%clk 1:25:50]} Kf8
{[%clk 0:30:32]} 41. Nxd5 {[%clk 1:25:43]} Rxb2 {[%clk 0:13:52]} 42. Nxf6
{[%clk 1:20:25]} Rb1+ {[%clk 0:10:47]} 43. Kf2 {[%clk 1:20:31]} Rb2+
{[%clk 0:11:12]} 44. Kg1 {[%clk 1:20:58]} 1-0